Private equity v kontexte inovačnej politiky malých a stredných podnikov Európskej únie
Private equity verzus rizikový kapitál. Chápanie termínu rizikový kapitál. Synergia inovačnej politiky a politiky malých a stredných podnikov. Inovácia v sektore malých a stredných podnikov EÚ. Nástroje európskej inovačnej politiky pre malé a stredné podniky. Politika EÚ pre rozvoj rizikového kapitá...
Uložené v:
| Hlavný autor: | |
|---|---|
| Ďalší autori: | |
| Médium: | Kapitola |
| Jazyk: | Slovak |
| Predmet: | |
| Tagy: |
Žiadne tagy, Buďte prvý, kto otaguje tento záznam!
|
MARC
| LEADER | 00000naa$a2200000$$$4500 | ||
|---|---|---|---|
| 001 | 0090366 | ||
| 005 | 20240613080404.1 | ||
| 041 | 0 | |a slo | |
| 044 | |a SK | ||
| 245 | 1 | 0 | |a Private equity v kontexte inovačnej politiky malých a stredných podnikov Európskej únie |c Elena Fetisovová, Ladislav Nagy |
| 520 | |a Private equity verzus rizikový kapitál. Chápanie termínu rizikový kapitál. Synergia inovačnej politiky a politiky malých a stredných podnikov. Inovácia v sektore malých a stredných podnikov EÚ. Nástroje európskej inovačnej politiky pre malé a stredné podniky. Politika EÚ pre rozvoj rizikového kapitálu. Nástroje rizikového kapitálu pre malé a stredné podniky EÚ. | ||
| 610 | 2 | 0 | |a kapitál rizikový |
| 610 | 2 | 0 | |a podnik malý |
| 610 | 2 | 0 | |a podnik stredný |
| 610 | 2 | 0 | |a stratégia inovačná |
| 610 | 2 | 0 | |a konkurencia |
| 610 | 2 | 0 | |a Európska únia |
| 610 | 2 | 0 | |a trh kapitálový |
| 100 | 1 | |a Fetisovová, Elena | |
| 700 | 1 | |a Nagy, Ladislav | |